What colour does it have? Click Quiz - Statistics

General Stats
  • This quiz has been taken 140 times
  • The average score is 8 of 12
Answer Stats
Hint Answer % Correct
Homer Simpson yellow
90%
the Academy Award statuette (Oscar) gold
88%
envious person (according to European traditions) green
75%
amethyst stone purple
72%
Netherlands' national colour orange
64%
25th wedding anniversary silver
64%
Danube (according to Strauss) blue
55%
birch tree (outer) bark white
55%
Gandalf's status in the first LOTR grey
52%
Britney Spears' eyes brown
49%
original flag of Morocco (1666-1915) red
49%
Shakira's natural hair black
47%
No matching quizzes found
Score Distribution
Percent of People with Each Score
Percentile by Number Answered
Your Score History
You have not taken this quiz